000 00306nam a22001337a 4500
008 170221b xxu||||| |||| 00| 0 eng d
020 _a0070262667
041 _aeng
080 _29 ED
_a615
100 _a5
101 _aSHF
245 _aPHARMACOLOGY BASIC OF THERAPEUTICS
_cHARDMAN.J,G
942 _2udc
_cBK
999 _c5984
_d5984